000 00383nam a2200157Ia 4500
008 240729s9999 xx 000 0 und d
022 _a2674-1164
245 0 _aPoultry
260 _aSwitzerland
260 _bMDPI AG
650 _a Animal culture
650 _aAgriculture
856 _uhttps://doaj.org/toc/85857db566ab440a82cd8a7d7cae87b7
942 _2ddc
942 _cDOAJEJ
999 _c68343
_d68343
945 _a1
_bMadushi Gamage
_c1
_dMadushi Gamage